PRACTICAL STATISTICS (Record no. 342983)

000 -LEADER
fixed length control field 00530 a2200181 4500
003 - CONTROL NUMBER IDENTIFIER
control field OSt
005 - DATE AND TIME OF LATEST TRANSACTION
control field 20180116182627.0
008 - FIXED-LENGTH DATA ELEMENTS--GENERAL INFORMATION
fixed length control field 160830b xxu||||| |||| 00| 0 eng d
040 ## - CATALOGING SOURCE
Transcribing agency 0
082 ## - DEWEY DECIMAL CLASSIFICATION NUMBER
Classification number 519.5 DAR 2003
100 ## - MAIN ENTRY--PERSONAL NAME
Personal name DR. DARYAB SINGH
245 ## - TITLE STATEMENT
Title PRACTICAL STATISTICS
Remainder of title FOR B.A ,B.COM,M.A, M.COM, C.A, I.C.W.A.,C.S.EXAMINATIONS
Statement of responsibility, etc. DR. DARYAB SINGH
250 ## - EDITION STATEMENT
Edition statement VOL 1
260 ## - PUBLICATION, DISTRIBUTION, ETC.
Place of publication, distribution, etc. India
Name of publisher, distributor, etc. Thomson Learning
Date of publication, distribution, etc. 2003
300 ## - PHYSICAL DESCRIPTION
Extent 258 p.
Other physical details PB
440 ## - SERIES STATEMENT/ADDED ENTRY--TITLE
Title PRACTICAL STATISTICS
942 ## - ADDED ENTRY ELEMENTS (KOHA)
Institution code [OBSOLETE] NBS
Koha item type Book
Call number prefix 519.5 DAR 2003
Source of classification or shelving scheme
Holdings
Withdrawn status Lost status Damaged status Not for loan Permanent Location Current Location Date acquired Total Checkouts Full call number Barcode Date last seen Date last checked out Price effective from Koha item type
        Central Library (CL) Central Library (CL) 08/28/2013 1 519.5 DAR NBS5455 11/23/2017 08/30/2017 08/28/2013 Book
© 2023 Central Library, National University of Sciences and Technology. All Rights Reserved.